| 000 | 00828nam a2200217 i 4500 | ||
|---|---|---|---|
| 001 | 141234 | ||
| 003 | ES-MaACL | ||
| 005 | 20230906200242.0 | ||
| 007 | t| | ||
| 008 | 070920s1986 sp ||||1| spa d | ||
| 020 | _a84-505-3723-1 | ||
| 080 | _a338.431.4(462.1+463)"07/12" | ||
| 100 | 1 |
_aVillar García, Luis Miguel. _9115088 |
|
| 245 | 1 | 3 |
_aLa Extremadura castellano-leonesa _b: guerreros, clérigos y campesinos (711-1252) / _cLuis Miguel Villar García. |
| 260 |
_a[Valladolid] : _bJunta de Castilla y León, Consejería de Educación y Cultura, _c1986. |
||
| 300 |
_a616 p. : _bmap. ; _c24 cm. |
||
| 504 | _aBibliografía: p. 587-607. Índices. | ||
| 651 | 4 |
_aCastilla y León- _xHistoria. _98001 |
|
| 710 | 1 |
_aCastilla y León. _bConsejería de Educación y Cultura. _92500 |
|
| 852 |
_aES-MaACL _jL-11630 _bR.113297 |
||
| 999 |
_c141234 _d141234 |
||